000 00549nam a22001817a 4500
005 20180508170322.0
010 _aENG-123008
020 _c299.00
_a9789386338891
035 _aEN-106540
037 _aDBAD/PUB.
082 _a364.40954
100 _aTooley, James
245 _aComeuppance My experiences in an Indian prison /
_cby James Tooley
260 _aNew Delhi
_bSpeaking Tiger
_c2017
270 _a4381/4, Ansari Road, Daryaganj
_bNew Delhi
_e110002
300 _a258p.
_b20cm(pbk)
942 _2ddc
_cEN
_h364.40954
_mTOO
999 _c151943
_d151943